Dans quel album des Aventures de Tintin ? #2 - Statistiques

Statistiques générales
  • Ce quiz a été pris 1 249 fois
  • Le résultat moyen est 12 sur 24
Statistiques - réponses
Hint Réponse % Correct
Sélectionnez l'album dans lequel...
Le capitaine Haddock est en fauteuil roulant
Les Bijoux de la Castafiore
75%
Sélectionnez l'album dans lequel...
Le général Alcazar fait la vaisselle
Tintin et les Picaros
72%
Sélectionnez l'album dans lequel...
Dupond et Dupont traquent un pickpocket
Le Secret de la Licorne
71%
Sélectionnez l'album dans lequel...
Un requin est ivre
Le Trésor de Rackham le Rouge
70%
Sélectionnez l'album dans lequel...
Rastapopoulos pleure
Vol 714 pour Sydney
66%
Sélectionnez l'album dans lequel...
Milou se fait attraper par un condor
Le Temple du Soleil
63%
Sélectionnez l'album dans lequel...
Tintin administre une fessée à Abdallah
Tintin au pays de l'Or Noir
59%
Sélectionnez l'album dans lequel...
Tintin veut acheter un perroquet
L'Oreille cassée
58%
Sélectionnez l'album dans lequel...
Tintin fait escale en Islande
L'Étoile Mystérieuse
57%
Sélectionnez l'album dans lequel...
Tintin fouille dans une poubelle
Le Crabe aux Pinces d'Or
55%
Sélectionnez l'album dans lequel...
Le capitaine Haddock coupe des cheveux
On a marché sur la Lune
51%
Sélectionnez l'album dans lequel...
Tintin et le capitaine Haddock volent en hélicoptère
L'Affaire Tournesol
49%
Sélectionnez l'album dans lequel...
Le professeur Tournesol est frappé d'amnésie
Objectif Lune
47%
Sélectionnez l'album dans lequel...
Tintin se prend pour un poulet
Le Lotus Bleu
46%
Sélectionnez l'album dans lequel...
Dupond et Dupont reçoivent la coupe d'acrobatie aérienne
L'Île Noire
46%
Sélectionnez l'album dans lequel...
Milou vole un os de diplodocus au muséum
Le Sceptre d'Ottokar
43%
Sélectionnez l'album dans lequel...
Tintin découvre un puits de pétrole en creusant
Tintin en Amérique
41%
Sélectionnez l'album dans lequel...
Tintin apprend à communiquer avec un éléphant
Les Cigares du Pharaon
39%
Sélectionnez l'album dans lequel...
Le capitaine Haddock fait un rodéo sur le dos d'une vache
Tintin au Tibet
39%
Sélectionnez l'album dans lequel...
Tintin et le capitaine Haddock se rendent à La Rochelle
Les Sept Boules de Cristal
33%
Sélectionnez l'album dans lequel...
Le professeur Tournesol fait du patin à roulettes
Coke en Stock
29%
Sélectionnez l'album dans lequel...
Tintin fait dérailler un train
Tintin au Congo
26%
Sélectionnez l'album dans lequel...
Tintin et Milou se déguisent en fantômes
Tintin au pays des Soviets
25%
Sélectionnez l'album dans lequel...
Le capitaine Haddock perturbe une séance de magnétisme
Tintin et l'Alph-Art
23%
Aucun quiz correspondant
Distribution des résultats
% des personnes avec chaque résultat
Percentile par nombre de réponses
Votre historique - résultats
Vous n’avez pas pris ce quiz